000 01055nmm a2200301 a 4500
001 ocm0002016276
003 TR-IsHL
005 20201028180736.0
008 181220s2013 tu tur
007 cr cn
020 _a9786053847014
035 _a2016276
_b(N$T)
050 0 4 _aPQ4873.A953
_bS4419 2013
090 0 4 _aPQ4873.A953
_bS4419 2013
100 1 _aMazzanti, Mario
245 1 0 _aÖlümle randevu: elyazmasının sırrı
_h[electronic resource] /
_cMario Mazzanti ; çeviri Güliz Akyüz Yıldırım ; editör Tanıl Yaşar
260 _aİstanbul :
_bYakamoz Kitap,
_c2013
300 _a391 p.
500 _aÖzgün adı : Il Segreto Degli Humiliati
650 4 _aDil ve Edebiyat
650 4 _aLanguage and Literature
650 0 _aİtalyan romanı
650 0 _aItalian fiction
650 7 _aLITERARY COLLECTIONS / European / Italian
_2bisacsh
700 1 _aYıldırım, Güliz Akyüz
700 1 _aYaşar, Tanıl
856 4 0 _uhttp://search.ebscohost.com/login.aspx?direct=true&scope=site&db=e011xww&AN=2016276
999 _c19283
_d19283